Medicine. (Record no. 1438)

MARC details
000 -LEADER
campo de control de longitud fija 01346nas a2200349 i 4500
001 - NÚMERO DE CONTROL
campo de control 1438
003 - IDENTIFICADOR DE NÚMERO DE CONTROL
campo de control ES-MaACL
005 - FECHA Y HORA DE LA ÚLTIMA TRANSACCIÓN
campo de control 20250806014148.0
007 - CAMPO FIJO DE DESCRIPCIÓN FÍSICA--INFORMACIÓN GENERAL
campo de control de longitud fija t|
008 - DATOS DE LONGITUD FIJA--INFORMACIÓN GENERAL
campo de control de longitud fija 950801c1975 sp r p 0 1 |spa d
022 ## - NÚMERO INTERNACIONAL NORMALIZADO PARA PUBLICACIONES SERIADAS
Número Internacional Normalizado para Publicaciones Seriadas 0304-5412
080 ## - NÚMERO DE LA CLASIFICACIÓN DECIMAL UNIVERSAL
Número de la Clasificación Decimal Universal (460)
080 ## - NÚMERO DE LA CLASIFICACIÓN DECIMAL UNIVERSAL
Número de la Clasificación Decimal Universal 61
245 00 - MENCIÓN DEL TÍTULO
Título Medicine.
246 3# - FORMA VARIANTE DEL TITULO
Título propio/Titulo breve Medicine :
Resto del título programa de formación médica continuada acreditado
246 3# - FORMA VARIANTE DEL TITULO
Título propio/Titulo breve Medicine (Madrid)
246 3# - FORMA VARIANTE DEL TITULO
Título propio/Titulo breve Tratado de medicina interna Medicine
250 ## - MENCION DE EDICION
Mención de edición Ed. española.
260 ## - PUBLICACIÓN, DISTRIBUCIÓN, ETC.
Lugar de publicación, distribución, etc. Madrid :
Nombre del editor, distribuidor, etc. IDEPSA,
Fecha de publicación, distribución, etc. 1975-
300 ## - DESCRIPCIÓN FÍSICA
Extensión 40 v. ;
Dimensiones 28 cm.
310 ## - PERIODICIDAD ACTUAL
Periodicidad actual 30 números al año
362 0# - FECHAS DE PUBLICACIÓN Y/O DESIGNACIÓN SECUENCIAL
Fecha de publicación y/o designación secuencial N. 1 (1975)-
500 ## - NOTA GENERAL
Nota general Desde enero de 2001 (8ª serie) lo publica la Editorial Doyma (Barcelona)
515 ## - NOTA DE PECULIARIDADES DE LA NUMERACIÓN
Nota de peculiaridades de la numeración La publicación aparece en ediciones y/o series de 4 años de duración, con subtítulos y numeración diferenciados en cada una de las mismas.
530 ## - NOTA DISPONIBLE DE FORMULARIO FÍSICO ADICIONAL
Nota de formato físico adicional disponible Desde 1996 (7ª serie, n. 1) se edita un CD-ROM anual con los artículos publicados en la revista en ed. facsímil.
530 ## - NOTA DISPONIBLE DE FORMULARIO FÍSICO ADICIONAL
Nota de formato físico adicional disponible Disponible en formato digital desde 2000 (v. 8, n. 1)
650 #7 - PUNTO DE ACCESO ADICIONAL DE MATERIA--TÉRMINO DE MATERIA
Término de materia o nombre geográfico como elemento de entrada Medicina interna
Fuente del encabezamiento o término embne
9 (RLIN) 14925
852 4# - LOCALIZACIÓN
Ubicación ES-MaACL
Número de control de estantería HEM-H-469
856 4# - LOCALIZACIÓN Y ACCESO ELECTRÓNICOS
Identificador Uniforme de Recursos <a href="https://www.sciencedirect.com/journal/medicine-programa-de-formacion-medica-continuada-acreditado">https://www.sciencedirect.com/journal/medicine-programa-de-formacion-medica-continuada-acreditado</a>
Nota pública Medicine
866 #0 - MENCIÓN TEXTUAL DE FONDOS--UNIDAD BIBLIOGRÁFICA BÁSICA
Fondos (1986)1987-2005.
Holdings
Estatus retirado Estado de pérdida Estado de daño No para préstamo Colección Biblioteca de origen Biblioteca actual Ubicación en estantería Fecha de adquisición Fuente de adquisición Total de préstamos Signatura topográfica completa Código de barras Visto por última vez Precio de reemplazo Tipo de ítem Koha
        Colección digital Biblioteca del Ateneo de Madrid Biblioteca del Ateneo de Madrid Hemeroteca 17/01/2008     HEM-H-469 1001466 23/02/2023 23/02/2023 Revista